[Event "EU-ch 2nd"]
[Site "Ohrid"]
[Date "2001.06.14"]
[Round "13"]
[White "Rublevsky, Sergei"]
[Black "Kacheishvili, Giorgi"]
[Result "1-0"]
[WhiteElo "2657"]
[BlackElo "2570"]
[Annotator "Finkel,A"]
[PlyCount "51"]
[EventDate "2001.06.01"]
[EventType "swiss"]
[EventRounds "13"]
[EventCountry "YUG"]
[SourceTitle "CBM 084"]
[Source "ChessBase"]
[SourceDate "2001.09.13"]
[SourceVersion "1"]
[SourceVersionDate "2001.09.13"]
[SourceQuality "1"]

1. e4 {Ftacnik} e6 2. d4 d5 3. Nd2 dxe4 4. Nxe4 Nd7 5. Nf3 Ngf6 6. Bd3 c5 7.
O-O Nxe4 (7... cxd4 8. Nxd4 Be7 9. Re1 O-O 10. c3 Nxe4 11. Bxe4 Nf6 12. Bc2 Bd7
13. Qd3 g6 14. Bh6 Re8 15. Qf3 Qb6 16. Bb3 Rad8 17. Re2 Bc6 18. Nxc6 Qxc6 19.
Qxc6 bxc6 20. h3 $16 {Yemelin,V-Erendzhenov,S/RUS-ch Elista 1995/1-0 (67)}) 8.
Bxe4 Nf6 (8... Be7 $5 9. Qe2 (9. c4 $5 O-O 10. Re1 Nf6 11. Bc2 cxd4 12. Bg5 h6
13. Bh4 d3 $5 (13... Bc5 14. Qd3 Re8 15. Rad1 $14) 14. Bxd3 Nh5 15. Bxe7 Qxe7
16. Ne5 $14 {Zapata Alonso-Hoffman Alejandro/It (open), Buenos Aires 
(Argentina) 1996 (38)}) 9... Qb6 (9... Nf6 $6 10. dxc5 $1 Nxe4 $6 (10... Bxc5
11. Bg5 O-O 12. Rad1 Qb6 13. Bxf6 gxf6 14. c3 $14) 11. Qxe4 Bxc5 12. Qe5 $1 $36
Bf8 13. Re1 Qd6 14. Qb5+ Qd7 15. Qh5 Qc7 16. Nd4 $16 {Tseshkovsky
Vitaly-Doroshkievich Vladimir K/Tournament, Novorossijsk (Russia) 1995 (38)})
10. Rd1 O-O 11. c3 Rd8 12. Bc2 Nf8 13. Be3 $14 {Ebeling,M-Kujala,A/FIN-chT
1989 (31)}) 9. Bg5 cxd4 (9... h6 $6 10. Bxf6 Qxf6 11. c3 (11. Qd3 $5 $14) 11...
Bd6 12. Qa4+ Bd7 (12... Ke7 $5) 13. Qa3 $1 Qe7 14. dxc5 Bxc5 15. b4 Bb6 16.
Bxb7 $16 {Honfi,K-Dolgener,T/Budapest FS09 IM-B 1995/1-0 (50)}) 10. Qe2 (10.
Nxd4 Bc5 (10... Be7 $5 11. Bd3 O-O 12. c3 Qd5 $1 13. Nf3 Rd8 14. Bc2 Qxd1 15.
Raxd1 Bd7 $11 {Pandavos,P-Ellison,D/Balatonbereny op 1992/1-0 (48)}) 11. Nb3 (
11. c3 h6 $5 12. Bxf6 $5 Qxf6 13. Qa4+ Bd7 14. Qc4 Bxd4 15. cxd4 Rc8 16. Qb4
$14 {Rublevsky,S-Christiansen,L/Luzern 1997/CBM 62}) 11... Bd6 12. Bxf6 gxf6
13. Qh5 $6 f5 14. Bxf5 $2 (14. Bf3 $1 Qc7 15. Rad1 Be5 16. c3 Bd7 17. Rfe1 $16)
14... exf5 15. Rfe1+ Be7 16. Re3 f4 17. Re4 O-O 18. Rd1 Qc7 $17 {Morozevich,
A-Zakharevich,I/RUS-Cup9 1997 (40)}) 10... Qb6 {This move appears to be a
novelty, but I'm not sure that so successful one- white managed to develop
very dangerous initiative pretty soon, although black has played inaccurately
in the middlegame and it seems that he missed his chanse there.} (10... Be7 11.
Rad1 Qb6 (11... Bd7 12. Rxd4 Nxe4 13. Qxe4 Qc7 14. Ne5 Bc6 15. Qh4 Bxg5 16.
Qxg5 $16 {Maiorov,O-Doroshkievich,V/Cherkessk 1997/EXT 99}) (11... Nxe4 12.
Rxd4 Qxd4 (12... Bd7 $142 $5 13. Bxe7 Qxe7 14. Qxe4 Bc6 $11) 13. Nxd4 Nxg5 14.
f4 $14 {Rublevsky,S-Zakharevich,I/Maikop 1998/CBM 66}) 12. Nxd4 (12. Rxd4 Qxb2
13. Rfd1 O-O 14. Ne5 $44) 12... Bd7 (12... Qxb2 13. Nb5 O-O 14. Nc7 Rb8 15. Bf4
Nxe4 16. Qxe4 Qxa2 17. Ra1 Qb2 18. Nd5 $5 $36 (18. Rfb1 Qf6 19. Na6 $11)) 13.
Bxf6 gxf6 14. Rfe1 Bc5 15. Nb3 Bb4 16. c3 $14 {Kovacevic,A-Kosic,D/YUG 2000/
EXT 2001}) 11. Rfd1 Bc5 $5 {Quiet risky continuation, but not such a bad one.}
(11... Nxe4 $5 12. Qxe4 f6 (12... Qxb2 {Ftacnik} 13. Rab1 Qc3 (13... Qxa2 {
Ftacnik} 14. Qxd4 f6 15. Bxf6 $18) 14. Rxd4 f6 15. Rc4 Qa5 16. Rxc8+ Rxc8 17.
Qxe6+ $18) 13. Bh4 Be7 (13... Bc5 14. Nxd4 O-O 15. Nb3 $14) 14. Nxd4 O-O 15.
Bg3 e5 $13) 12. Bxf6 gxf6 13. b4 $5 $36 {Ftacnik: 'White's tromph is a
significant advantage in the development of pieces, pawn sacrifice is fuelling
the initiative.'} Qxb4 (13... Bxb4 14. Rab1 Qa5 15. Nxd4 $36 {[%csl Re8]} (15.
Qc4 {Ftacnik} Be7 16. Nxd4 $16)) 14. Rab1 Qa4 (14... Qa5 15. Rb5 Qc7 16. Nxd4)
(14... Qc3 {Ftacnik} 15. Rb3 Qa5 16. Nxd4 $14) 15. Qd2 Qd7 (15... e5 {Ftacnik}
16. c3 $1 (16. Qh6 {Ftacnik} Be7 17. Bxb7 Bxb7 18. Rxb7 Qxc2 19. Rc1) 16... Bg4
17. Qh6 Rg8 18. Bxb7 Rg6 19. Qxh7 Rd8 20. Be4 $16) 16. c3 {'!' Ftacnik.} d3 $2
{This move turns to be mistake after which black is in troubles: after correct
Ftacnik: 'This meak move is a serious mistake, Kacheishvili had a chance to
seriously test opponent's chances with a courageous move 16...dxc3!?'} (16...
dxc3 $5 17. Qxc3 (17. Qh6 Qe7 $17) 17... Qe7 (17... Bd6 {Ftacnik} 18. Qxf6 Rf8
19. Qd4 $16) 18. Rbc1 (18. Rdc1 {Ftacnik} Bb6 19. Qxc8+ Rxc8 20. Rxc8+ Bd8 21.
Rxb7 Qa3 22. Bc6+ Kf8 23. Rxd8+ Kg7 24. Rd1 Rd8 $13) 18... Bb6 19. Qxc8+ (19.
a4 O-O 20. a5 Bd8 $17 {[%cal Gf6f5,Ge7f6,Gb7b6]}) 19... Rxc8 20. Rxc8+ Bd8 21.
Rdxd8+ Qxd8 22. Rxd8+ Kxd8 23. Bxb7 Kc7 $13 {the endgame is far from being
clear}) 17. Qh6 $1 $40 {Now white regains the material balance, while black
keeps on playing without lightsquared bishop and rook a8} Ke7 (17... Qe7 {
Ftacnik} 18. Qg7 Rf8 19. Bxd3 a6 20. Bxh7 $16) 18. Rxd3 Qc7 19. Rbd1 $16 {
[%csl Ra8,Rc8]} a5 (19... f5 $2 20. Qg5+ $18 {[%cal Gd3d8]}) 20. Qg7 Rf8 21.
Bxh7 {Ftacnik: 'The material balance was restored and black has no
compensation for white's dangerous attack.'} Qb6 22. R3d2 {[%csl Rf2]
Defending against the only threat black created during the game!} e5 $6 23. Nh4
$1 $18 Ke8 24. Ng6 {'!' Ftacnik.} Bg4 25. Nxf8 Bxd1 26. Ng6 $1 1-0

[Event "EU-ch 2nd"]
[Site "Ohrid"]
[Date "2001.06.14"]
[Round "13"]
[White "Aronian, Levon"]
[Black "Gausel, Einar"]
[Result "1-0"]
[WhiteElo "2528"]
[BlackElo "2480"]
[Annotator "Finkel,A"]
[PlyCount "71"]
[EventDate "2001.06.01"]
[EventType "swiss"]
[EventRounds "13"]
[EventCountry "YUG"]
[SourceTitle "CBM 084"]
[Source "ChessBase"]
[SourceDate "2001.09.13"]
[SourceVersion "1"]
[SourceVersionDate "2001.09.13"]
[SourceQuality "1"]

1. e4 e6 2. d4 d5 3. Nc3 Nf6 4. Bg5 dxe4 5. Nxe4 Nbd7 6. Nf3 h6 7. Nxf6+ Nxf6
8. Be3 Nd5 9. Bd3 (9. Qd2 Bd6 (9... Nxe3 10. fxe3 c5 11. Bd3 Be7 12. O-O O-O
13. c3 b6 14. Rad1 Bb7 15. Qc2 $14 {Horn,P-Plesec,D/Geneve 1994/TD}) 10. O-O-O
Bd7 11. Ne5 Bxe5 12. dxe5 Qe7 13. Be2 Bc6 14. f4 O-O-O $11 {Polgar,J-Speelman,
J/Hastings 1992/CBM 33}) (9. Bd2 c5 10. Bb5+ Bd7 11. Qe2 Bxb5 12. Qxb5+ Qd7 13.
Qe2 O-O-O 14. c4 Nf6 15. dxc5 Bxc5 16. O-O Qd3 $11 {Perunovic,M-Kosic,D/Herzeg
Novi 1999/EXT 2001}) 9... c5 (9... Nxe3 10. fxe3 Bd6 11. O-O O-O 12. c3 Qe7 13.
Bc4 e5 14. dxe5 $5 Bc5 15. Qb3 Bxe3+ 16. Kh1 Bb6 17. Nd4 $14 {Arencibia,
W-Rahal,M/Barbera 1996/EXT 97}) 10. O-O Be7 $6 (10... Bd6 11. Bb5+ Bd7 12.
Bxd7+ Qxd7 13. dxc5 Nxe3 14. fxe3 Bxc5 15. Qxd7+ Kxd7 16. Ne5+ Ke8 $15 {
Bagirov,R-Kacheishvili,G/Baku 1997/EXT 2000}) 11. Bb5+ Bd7 12. Bxd7+ Qxd7 13.
Ne5 {Taking advantage of the fact that bishop is not on d6.} Qc7 (13... Qd6 $2
14. c4 Nb6 (14... cxd4 $6 15. Bxd4 Nf4 16. Qa4+ Kf8 17. Nd7+ Kg8 18. Bc5 $1 $18
) 15. Qh5 $1 {[%csl Ge5][%cal Gd4c5]} g6 16. Nxg6 fxg6 17. Qxg6+ $18) 14. c4
Nb6 $8 {[%csl Rb6]} (14... Nxe3 $2 15. Qa4+ Kf8 16. fxe3 $18 {[%cal Gf1f7]})
15. Bf4 Bd6 16. Re1 (16. dxc5 $6 Bxe5 $8 17. Bxe5 Qxe5 18. cxb6 axb6 19. Qb3
Qc7 $14) 16... Rd8 (16... cxd4 17. Qxd4 Nxc4 $2 18. Rac1 b5 19. b3 Bc5 20. Qe4
$18) 17. Qe2 cxd4 18. Rad1 O-O (18... Bxe5 19. Bxe5 Qxc4 20. Qg4 $1 d3 21. Qxg7
Rf8 22. Qxh6 $16 {[%cal Gh2h5]}) 19. Rxd4 f6 $5 (19... Nc8 $5 $14) 20. Nc6 $2 (
{Black has probably counted only on} 20. Ng6 $6 e5 $1 21. Nxf8 Kxf8 22. Re4 Bb4
$1 $132 {with playable position}) 20... e5 $1 {Now black is suddenly winning!}
(20... Bxf4 21. Qxe6+ Kh8 22. Rxd8 Rxd8 23. Nxd8 Qxd8 24. c5 $1 Na4 25. Qc4 $1
$18) 21. Nxd8 Rxd8 (21... Qxd8 22. Rdd1 exf4 23. Qe6+ $18) 22. Rd3 exf4 23.
Red1 $5 Qxc4 $4 {After this move white wins on the spot,while after correct} (
23... Nxc4 $1 24. Qe6+ (24. Rc3 b5 25. b3 f3 26. Qxf3 Bxh2+ 27. Kh1 Rxd1+ 28.
Qxd1 Be5 29. Rc1 (29. Rc2 Qd6 $19) 29... Bf4 $1 30. Qd5+ Qf7 31. Qa8+ Qf8 32.
Qd5+ Kh8 $19) (24. Rc1 $5 b5 25. b3 f3 26. Rxf3 Bxh2+ 27. Kh1 Bf4 28. Rc2 Qe5
29. Rxf4 Qxf4 30. bxc4 $17) 24... Kh8 25. Rc1 (25. b3 Nb2 26. Rxd6 Nxd1 $19)
25... b5 26. b3 Ba3 $19 {black seems to be wining in all variations}) 24. b3
$18 f3 25. gxf3 Qb5 (25... Bxh2+ 26. Kg2 $18) 26. Qe6+ Kh7 27. Rxd6 Re8 28. Qg4
Re5 29. f4 h5 30. Qf3 Rf5 31. Qe4 Kg6 32. Qg2+ Kh7 33. Qe4 Kg6 34. Kh1 Qc5 35.
Rg1+ Kf7 (35... Kh7 36. Qe7 $18) 36. Qe6+ 1-0

[Event "Moscow Aeroflot op-A"]
[Site "Moscow"]
[Date "2005.02.15"]
[Round "1"]
[White "Najer, Evgeniy"]
[Black "Anastasian, Ashot"]
[Result "0-1"]
[WhiteElo "2624"]
[BlackElo "2568"]
[Annotator "Finkel,A"]
[PlyCount "122"]
[EventDate "2005.02.15"]
[EventType "swiss"]
[EventRounds "9"]
[EventCountry "RUS"]
[SourceTitle "CBM 106"]
[Source "ChessBase"]
[SourceDate "2005.06.06"]
[SourceVersion "1"]
[SourceVersionDate "2005.06.06"]
[SourceQuality "1"]

1. e4 e6 2. d4 d5 3. Nc3 dxe4 4. Nxe4 Bd7 5. Nf3 Bc6 6. Ned2 Nd7 7. Bd3 Ngf6 8.
O-O Be7 9. c3 (9. Re1 O-O 10. Nc4 $5 Bb5 (10... b6 $5 11. Nce5 Bb7 12. Qe2 Nxe5
13. dxe5 Nd7 14. c3 c5 15. Bc2 Qc7 $11 {Kruppa,Y-Rustemov,A/Minsk 1996 (42)}) (
10... Nb6 11. Nfe5 Be8 12. Na5 $6 Qd5 13. Nb3 Bb5 14. Bg5 Bxd3 $11 {Wahls,
M-Chabanon,J/Bad Endbach 1995 (44)}) 11. c3 (11. a4 Ba6 12. c3 c5 13. Bf4 cxd4
14. Nxd4 Nc5 15. Bf1 $14 {Brodsky,M-Lauridsen,J/Vendrell op 1996 (24)}) 11...
c5 12. Bf4 cxd4 13. Nxd4 Bxc4 14. Bxc4 e5 15. Nf5 Bc5 16. Bg5 $14 {Gelfand,
B-Godena,M/Moscow olm 1994 (30)}) 9... O-O 10. Re1 b6 {In the following
position black has two different plans: one is to give up the lightsquared
bishop, then to put a pawn on c6 and to start the manouvering with the pieces
and to wait for white to do something; and the other one is to keep the bishop
in the game by playing b6 and then transfering c5. It's very hard to say which
one is better, it depends only on taste: for those who prefer to defend solid,
but slightly passive positions suits the plan with B:f3, for those who prefer
more lively aand open game it's better to play 10...b6.} (10... Re8 11. a4 a6
12. Qe2 Bxf3 13. Qxf3 c6 14. Nc4 a5 15. Qh3 $14 {Forster,R-Hug,W/Winterthur
1996 (21)}) 11. Nc4 Bb7 12. b4 {White is getting ready for ...c5. Other
possibilities are} (12. Bf4 Re8 13. Qe2 Nd5 14. Bg3 Nf8 15. Nce5 c6 16. Rad1
Bf6 17. h4 Qe7 18. h5 Rac8 19. a3 $14 {Shaw,J-Stevenson,J/Aberdeen 2001}) (12.
a4 c5 13. Bf4 Nd5 14. Bd6 cxd4 15. Nxd4 Nc5 16. Bxe7 Nxe7 17. Bf1 $14 {Prasad,
D-Girinath,P/Raipur 2002}) 12... a5 $5 (12... c5 13. dxc5 bxc5 14. Na5 Bd5 15.
c4 $5 Bxf3 16. Qxf3 cxb4 17. Nc6 Qe8 18. Bb2 a5 19. Bc2 $1 $44 {Nijboer,
F-Bauer,C/Wijk aan Zee 1999}) 13. b5 (13. bxa5 bxa5 14. a4 c5 15. Ba3 Bd5 $11)
13... Rc8 $6 {This move appears to be too slow, however also after immediate} (
13... c5 $5 14. bxc6 Bxc6 15. Nce5 Bb7 (15... Nxe5 16. dxe5 Nd7 17. Nd4 $36 {
[%cal Gd1h5]}) 16. Qc2 Rc8 17. Rb1 $14 {white keeps better chances.}) 14. Nce5
(14. Rb1) 14... Nxe5 15. dxe5 $1 (15. Nxe5 Qd5 16. f3 c5 17. bxc6 Bxc6 18. Nxc6
Qxc6 19. Bd2 Nd5 $13) 15... Bxf3 16. Qxf3 Nd7 17. Rd1 $1 {[%cal Gd1d8]} (17.
Qh3 g6 18. Bh6 Re8 19. Rad1 Bf8 20. Bf4 Qe7 21. Be4 Nc5 22. Bc6 Red8 23. Rd4
Bg7 24. Qe3 $14) 17... Nxe5 $5 {Admitting that he lost an opening battle. This
queen sacrifice is probably black's best chance in the position.} (17... g6 18.
Qg3 $16 {[%cal Gd3e4]}) 18. Bxh7+ Kxh7 19. Qh5+ Kg8 20. Rxd8 Rfxd8 21. Be3 $1 (
21. Bg5 $6 Bxg5 22. Qxg5 Rd5 23. Kf1 c6 24. bxc6 Rxc6 $44) 21... Nc4 22. Bd4
Nd6 23. g4 $1 {Taking f5 under control.} Ne8 24. a4 Rd5 25. Qh3 Nf6 26. Kh1 (
26. f4 Nd7) 26... Rcd8 27. Rg1 Ne4 28. Qe3 Nc5 29. g5 g6 30. h4 $6 {Closing up
an h-file is hardly a good idea since white deprives himself a possibility to
break through:} (30. Rg3 $1 {[%csl Rg8][%cal Gg3h3]} Bf8 $140 31. Qf4 $16 {
[%cal Gf4f6]}) (30. f4 Bf8 31. Qh3 Bg7 $13) 30... Nd7 31. h5 Nf8 32. Qg3 Bd6
33. Qe3 Be7 34. f4 Rf5 35. h6 Bd6 36. Rg4 Kh7 37. Kg2 Nd7 38. Qd2 Re8 39. Kh3
f6 $1 $132 40. gxf6 Nxf6 41. Rh4 (41. Bxf6 $2 Rxf6 $15 {[%csl Rf4]}) 41... Nd5
42. Be5 Bxe5 43. fxe5 Rf3+ 44. Kg2 Ref8 45. Kg1 Rg3+ 46. Kh2 Rxc3 $15 47. Rg4
Rcf3 48. Qg5 Rg8 49. Rc4 Rf5 50. Qc1 Rf7 51. Rc6 Re8 52. Qc4 Ree7 53. Kg3 Kxh6
54. Qe2 $6 (54. Qc1+ Kg7 55. Rc4 Rf5 56. Rh4 g5 57. Rh5 Kg6 58. Qh1 $132) 54...
Rf5 $19 55. Qd2+ Kh7 56. Qe2 (56. Rc4) 56... Kg7 57. Qd2 Ref7 {[%csl Rg3]} 58.
Qe2 (58. Rxe6 Rf3+ 59. Kg2 Ne3+ $19) 58... Rg5+ 59. Kh4 (59. Kh2 Rf8 $19) 59...
Nf4 60. Qc4 Rg1 {[%cal Gg6g5]} 61. Qxf4 Rxf4+ 0-1

[Event "FIDE-Wch k.o."]
[Site "Moscow"]
[Date "2001.11.28"]
[Round "1.2"]
[White "Fedorov, Alexei"]
[Black "Anastasian, Ashot"]
[Result "1/2-1/2"]
[WhiteElo "2599"]
[BlackElo "2588"]
[Annotator "Finkel,A"]
[PlyCount "127"]
[EventDate "2001.11.27"]
[EventType "k.o."]
[EventRounds "7"]
[EventCountry "RUS"]
[SourceTitle "CBM 086"]
[Source "ChessBase"]
[SourceDate "2002.02.05"]
[SourceVersion "1"]
[SourceVersionDate "2002.02.05"]
[SourceQuality "1"]

1. e4 e6 2. d4 d5 3. Nc3 dxe4 4. Nxe4 Nd7 5. Bd3 Ngf6 6. Qe2 c5 7. Nxf6+ Nxf6
8. Bg5 $6 (8. dxc5 Bxc5 9. Bg5 (9. Bd2 $5 O-O 10. O-O-O Qd5 11. Bc3 $6 Qg5+ $5
12. Kb1 Nd5 13. Be5 $13 {Sadler,M-Miles,A/ch-GBR (Playoff), Hove ENG 1997 (35)}
) (9. Nf3 O-O (9... Qc7 10. O-O O-O 11. Bg5 b6 12. Rad1 $5 (12. Ne5 Bb7 13.
Bxf6 (13. Rae1 Rfd8 14. Ng4 $6 Qc6 15. Ne3 Bd4) 13... gxf6 14. Bxh7+ Kxh7 15.
Qh5+ {1/2-1/2 Ivanchuk,V-Karpov,A/Supertorneo Las Palmas 1996}) 12... Bb7 13.
Bxf6 gxf6 14. Be4 Rfd8 15. Bxb7 Qxb7 16. a3 Rac8 17. c3 $14 {Spraggett,
K-Nogueiras,J/Canadian Open, Winnipeg CAN 1997 (41)}) (9... h6 $6 10. Bd2 O-O
11. O-O-O Qb6 12. g4 $5 Nxg4 13. Rhg1 f5 14. h3 Nxf2 15. Bxh6 Nxd3+ 16. Qxd3
Bxg1 17. Rxg1 $36 {Ulibin,M-Orlov,G/Minsk 1990 (31)}) 10. Bg5 h6 (10... Qa5+
11. c3 Be7 12. Ne5 Qc7 13. O-O Rd8 14. Rad1 h6 $13 {Rublevsky,S-Anastasian,A/
Balatonbereny 1994 (34)}) 11. h4 $1 (11. Bxf6 $5 Qxf6 12. O-O-O g6 13. h4 h5
14. Kb1 Kg7 15. Ng5 $5 e5 16. Ne4 Qb6 17. Nxc5 $14 {Hjartarson,J-Kacheishvili,
G/Linares op sp 1996/1-0 (67)}) 11... Qa5+ 12. Bd2 Qa4 13. Ne5 Qd4 14. c3 Qd5
15. O-O-O $1 Qxa2 16. g4 Qa1+ 17. Kc2 Qa4+ 18. Kb1 $16 {Rublevsky,
S-Zakharevich,I/St.Petersburg Petrov 1996 (24)}) 9... Qa5+ 10. Bd2 Qc7 (10...
Qb6 11. O-O-O Bd7 12. Nh3 $5 (12. f4 O-O-O 13. Nf3 Ng4 14. Ng5 f5 15. Nf7 Nf2
16. Nxh8 Rxh8 $132 {Lastin,A-Feoktistov,A/Voronezh op 1998}) 12... h6 13. Qe1
$6 {[%cal Gd2a5]} a5 $5 (13... O-O-O $2 14. Ba5) 14. Bc3 Bb4 $132 {Asrian,
K-Feoktistov,A/St Petersburg 1999/CBM 74}) (10... Bb4 11. c3 (11. Bxb4 Qxb4+
12. c3 Qc5 13. Nf3 b6 14. Bb5+ Ke7 15. Ba6 Rd8 $11 {Asrian,K-Nalbandian,T/
Yerevan 1999/CBM 74}) 11... Be7 12. Nf3 O-O 13. O-O Rd8 14. Ne5 Bd7 15. c4 Qb6
16. b4 Qd4 17. Rac1 a5 18. Bc3 $14 {Nevednichy,V-Negulescu,A/Cupa Dinamo 1998})
11. Nf3 O-O 12. O-O-O (12. Ne5 $2 {[%cal Gf2f4,Ge1c1]} Bxf2+ $1 13. Kxf2 Qxe5
$17) 12... b6 13. Ne5 Bb7 14. f4 (14. Rhe1 $5 Rac8 15. Kb1 Rfe8 16. g4 Nd5 17.
g5 $5 $36 {Korneev,O-Zlochevskij,A/Russian Cup 8th Leg, Smolensk RUS 1997 (39)}
) 14... Nd5 (14... Rfd8 15. Rhf1 (15. Kb1 Rac8 16. Rhf1 $1 $36 {Glek,
I-Nogueiras,J/Linares op 1996}) 15... Rac8 16. Kb1 Bd4 (16... Nd5 17. a3 $1 Bd6
18. c4 Nf6 19. Bc3 Bf8 20. g4 Rxd3 $1 21. Rxd3 Be4 22. g5 Bxd3+ 23. Qxd3 Ne8
24. Rf3 $14 {Glek,I-Nogueiras,J/Linares (op) 1996 (43)}) 17. Nf3 Ba6 $2 18.
Nxd4 Rxd4 19. Bxa6 Qxc2+ 20. Ka1 Rcd8 21. Bc1 Qxd1 22. Rxd1 Rxd1 23. Kb1 $16 {
Polgar,J-Ehlvest,J/Vienna 1996 (37)}) 15. Rhf1 $1 Nb4 $6 16. Bxb4 $5 Bxb4 17.
g4 Rad8 18. g5 Bd6 19. h4 $36 {Fedorov,A-Sretenskij,N/Moscow 1998/CBM 63}) 8...
Qa5+ $1 {Very strong reply forcing white to sacrifice a pawn.} (8... cxd4 9.
O-O-O Bd7 10. Nf3 Qa5 11. Bxf6 gxf6 12. Kb1 Bc5 13. Nd2 Qc7 $17 {Sulskis,
S-Zakharevich,I/St Petersburg 1998/CBM 67}) 9. Bd2 Qb6 10. O-O-O cxd4 11. Nf3
Be7 12. Ne5 {White is playing for attack, but with accurate play black manages
to neutralize white's initiative, so may be deserved attention} (12. Qe5 Bd7
13. Qxd4 Qxd4 14. Nxd4 a6 $11) 12... O-O 13. Bg5 Qc5 (13... h6 $6 14. Bh4 Re8
15. g4 $13 {[%cal Gg4g5]}) 14. h4 {Bringing the rook into play.} Rd8 15. Rh3
Bd7 16. Rg3 Be8 17. Bh6 Bf8 18. h5 Kh8 19. Bg5 Nd5 $1 {Great positional
decision. After sacrificing an exchange black gets very good counterchanses.} (
19... Be7 $2 20. Bxf6 Bxf6 21. Qe4 g6 22. hxg6 fxg6 (22... Bxe5 $4 23. g7+ Bxg7
24. Qxh7#) 23. Nxg6+ $1 Bxg6 24. Rxg6 hxg6 25. Rh1+ Kg8 26. Qxg6+ Bg7 27. Rh8+
$1 Kxh8 28. Qh7#) 20. Bxd8 Rxd8 $44 21. Kb1 (21. Qe4 f5 22. Qe1 Bd6 $17 {
[%cal Gd6g3]}) 21... Bd6 22. Re1 f5 23. h6 g6 24. Rf3 (24. Qd2 Qc7 $17 {
[%cal Gd6b4]}) 24... Nf6 25. Nxg6+ $2 {Unjustified attempt to complicate
matters. White should continue} (25. Nc4 $13 {with unclear position with
mutual chanses.}) 25... Bxg6 26. Qxe6 Ng8 {[%cal Gd8e8]} 27. Qb3 Qb4 $1 $17 {
Forcing white to trade queens.} 28. Qxb4 Bxb4 29. Rh1 Ne7 30. Bc4 (30. a3 Bd2
$1 {[%csl Rh6]} (30... Bd6 31. Re1 Kg8 32. Bc4+ Kf8 $15)) 30... Bd2 $1 {
[%csl Rh6]} 31. Rb3 b6 32. g3 Nc6 33. Rb5 Re8 {[%csl Rf2][%cal Ge8e1]} 34. a3
Ne5 35. Bb3 f4 {Better was f4, but black needed a draw in order to qualify for
the next round, so his play is fully understandable!} (35... Ng4 $5 36. Rd1 Re1
37. Rxe1 Bxe1 38. Rd5 Nxh6 39. Rxd4 Bxf2 $19) 36. gxf4 Bxf4 37. Rh4 Bg5 38.
Rxd4 Nf3 $6 (38... Bxh6 $5 39. f4 Nf3 40. Rd7 Re1+ 41. Ka2 Be8 42. Rd8 Kg7 $17)
39. Rd7 Bxh6 40. Rxa7 Bf8 41. Ka2 $6 (41. Rxb6 Bc5 42. Rxg6 Bxa7 43. Rf6 Nd2+
44. Ka2 Ne4 $13) 41... Bc5 42. Ba4 Rf8 43. Rxc5 bxc5 44. Rc7 h5 (44... Rf5) 45.
Rxc5 h4 46. Bd7 Nd4 47. a4 Rf3 $5 (47... Rxf2 48. a5 Nxc2 49. Kb3 Na1+ 50. Ka3
Nc2+ 51. Ka4 Rf4+ $17) 48. a5 Nxc2 49. Rc3 Rxf2 50. Kb3 Nd4+ 51. Ka3 Nc2+ 52.
Ka4 Rf4+ 53. Kb5 Rb4+ 54. Kc5 Rxb2 55. Rc4 (55. a6 Ra2 56. Bb5 (56. Kb6 Nb4 $17
)) 55... Bd3 56. Rxh4+ Kg7 57. Rh3 Nb4 58. Bb5 Na6+ 59. Bxa6 Bxa6 60. Kc6 Rb5
61. Ra3 Kf6 62. Ra1 Ke5 63. Rc1 Rxa5 64. Rc5+ 1/2-1/2